000 00429 a2200181 4500
001 145964
040 _cLeonardo Da Vinci
041 _aPortuguês
082 _a869.3 Q43cid
_bQ43cid
100 _aQUEIRÓZ, Eça de
245 _aA cidade e as serras
250 _a2. ed
260 _bAteliê Editorial
_c2016
_aSão Paulo
300 _a334
362 _a20160000
697 _aLiteratura
_aRomance
_aPortugal
942 _cBK
999 _c145964
_d145964